[Event "Killer Summer Slam Round Robin-3 Open To All"]
[Site "SchemingMind.com"]
[Date "2019.08.24"]
[Round "-"]
[White "Phillip Beckett"]
[Black "Matthew Bailey"]
[Result "0-1"]
[WhiteCountry "ENG"]
[BlackCountry "ENG"]
[WhiteElo "1476"]
[WhiteRD "49"]
[BlackElo "2232"]
[BlackRD "65"]
[GameID "445123"]

1. d4 Nf6 2. c4 g6 3. Nc3 d5 4. cxd5 Nxd5 5. e4 Nxc3 6. bxc3 Bg7 7. Bc4 O-O 8. Ne2 Nc6 9. O-O b6 10. Bd3 e5
11. d5 Na5 12. Bb2 f5 13. exf5 Qxd5 14. fxg6 Bb7 15. gxh7+ Kh8 16. f3 Rfd8 17. Be4 Qc5+ 18. Nd4 Bxe4 19. fxe4 Nc4 20. Bc1 exd4
21. cxd4 Rxd4 22. Qc2 Rd2+
0-1

[Event "Killer Summer Slam Round Robin-3 Open To All"]
[Site "SchemingMind.com"]
[Date "2019.08.24"]
[Round "-"]
[White "Matthew Bailey"]
[Black "Phillip Beckett"]
[Result "1-0"]
[WhiteCountry "ENG"]
[BlackCountry "ENG"]
[WhiteElo "2232"]
[WhiteRD "65"]
[BlackElo "1476"]
[BlackRD "49"]
[GameID "445124"]

1. e4 e5 2. Nf3 Nc6 3. d4 exd4 4. Nxd4 Bc5 5. Nxc6 Qf6 6. Qf3 Qxf3 7. gxf3 dxc6 8. Rg1 g6 9. Bf4 Bd6 10. e5 Bb4+
11. c3 Ba5 12. Nd2 Bd7 13. Bc4 Ne7 14. a4 Nd5 15. Bxd5 cxd5 16. b4 Bb6 17. a5 d4 18. axb6 dxc3 19. Ne4 cxb6 20. O-O-O O-O-O
21. Nd6+ Kc7 22. Nxf7 Bf5 23. e6+ Kc8 24. Rd7 Bxe6 25. Rc7+ Kb8 26. Nxh8
1-0

[Event "Killer Summer Slam Round Robin-3 Open To All"]
[Site "SchemingMind.com"]
[Date "2019.08.24"]
[Round "-"]
[White "Chessibelle"]
[Black "Matthew Bailey"]
[Result "0-1"]
[WhiteCountry "ENG"]
[BlackCountry "ENG"]
[WhiteElo "1130"]
[WhiteRD "57"]
[BlackElo "2279"]
[BlackRD "59"]
[GameID "445125"]

1. Nf3 Nf6 2. d4 e6 3. Nc3 d5 4. Bd2 Be7 5. e3 O-O 6. g3 b6 7. Be2 Bb7 8. O-O a6 9. a3 Nbd7 10. b4 c5
11. Ng5 cxb4 12. Na2 bxa3 13. f4 h6 14. Nh3 Ne4 15. Be1 Ndf6 16. Bd3 a5 17. Nf2 Qc7 18. Qf3 Rfc8 19. Rc1 Ba6 20. Nc3 Nxc3
21. Nd1 Bxd3 22. cxd3 Ne2+ 23. Qxe2 Qxc1 24. Nc3 Rxc3 25. Bd2 Qb2 26. Kg2 Rc2 27. Rd1 Bb4 28. Kh3 Bxd2 29. Qf3 Bc1 30. g4 a2
31. f5 a1=Q
0-1

[Event "Killer Summer Slam Round Robin-3 Open To All"]
[Site "SchemingMind.com"]
[Date "2019.08.24"]
[Round "-"]
[White "Matthew Bailey"]
[Black "Chessibelle"]
[Result "1-0"]
[WhiteCountry "ENG"]
[BlackCountry "ENG"]
[WhiteElo "2232"]
[WhiteRD "65"]
[BlackElo "1145"]
[BlackRD "58"]
[GameID "445126"]

1. e4 e5 2. Nf3 Nc6 3. d4 Bd6 4. c3 Nf6 5. Bd3 O-O 6. O-O b6 7. Re1 Ne7 8. dxe5 Bc5 9. exf6 Ng6 10. b4 Bd6
11. e5 Nxe5 12. Nxe5 g6 13. Ng4 c5 14. Nh6+ Kh8 15. Be4 Rb8 16. Qxd6 Ba6 17. Bd5 Qc8 18. Nxf7+ Rxf7 19. Bxf7 Bb7 20. Bh6 Ba6
21. Bg7#
1-0

[Event "Killer Summer Slam Round Robin-3 Open To All"]
[Site "SchemingMind.com"]
[Date "2019.08.24"]
[Round "-"]
[White "Whiteravenx"]
[Black "Matthew Bailey"]
[Result "0-1"]
[WhiteCountry "USA"]
[BlackCountry "ENG"]
[WhiteElo "2048"]
[WhiteRD "77"]
[BlackElo "2279"]
[BlackRD "59"]
[GameID "445127"]

1. d4 Nf6 2. c4 g6 3. Nc3 d5 4. cxd5 Nxd5 5. e4 Nxc3 6. bxc3 c5 7. Bc4 Nc6 8. Ne2 Bg7 9. Be3 Qc7 10. d5 Ne5
11. Bb5+ Nd7 12. Rc1 O-O 13. O-O Ne5 14. h3 a6 15. Ba4 f5 16. f4 Nc4 17. Bd2 fxe4 18. Bb3 Nd6 19. c4 Bb2 20. Rc2 Bf6
21. g4 Bd7 22. Be3 Bh4 23. Kh1 Rad8 24. Qc1 Rf7 25. Bf2 Bxf2 26. Rxf2 e5 27. dxe6 Bxe6 28. Qe3 Qe7 29. Rc1 b6 30. Kh2 Bd7
31. Nc3 Bc6 32. Rd1 h5 33. Qg3 hxg4 34. Qxg4 Rf6 35. Nd5 Bxd5 36. Rxd5 Qf7
0-1

[Event "Killer Summer Slam Round Robin-3 Open To All"]
[Site "SchemingMind.com"]
[Date "2019.08.24"]
[Round "-"]
[White "Matthew Bailey"]
[Black "Whiteravenx"]
[Result "1-0"]
[WhiteCountry "ENG"]
[BlackCountry "USA"]
[WhiteElo "2279"]
[WhiteRD "59"]
[BlackElo "2048"]
[BlackRD "77"]
[GameID "445128"]

1. c4 c5 2. Nf3 Nf6 3. Nc3 Nc6 4. e3 e6 5. Be2 Be7 6. d4 cxd4 7. exd4 d5 8. c5 O-O 9. O-O Qc7 10. Nb5 Qb8
11. g3 Bd7 12. Bf4 Qd8 13. Nd6 Ne4 14. Nxb7 Qc8 15. Nd6 Bxd6 16. cxd6 Qb7 17. Rb1 f6 18. h4 f5 19. Qd3 Qb6 20. Rfc1 Nb4
21. Qe3
1-0

[Event "Killer Summer Slam Round Robin-3 Open To All"]
[Site "SchemingMind.com"]
[Date "2019.08.24"]
[Round "-"]
[White "Matthew Bailey"]
[Black "Colin.Peeters"]
[Result "1-0"]
[WhiteCountry "ENG"]
[BlackCountry "ENG"]
[WhiteElo "2279"]
[WhiteRD "59"]
[BlackElo "1489"]
[BlackRD "90"]
[GameID "445131"]

1. e4 c6 2. d4 d5 3. exd5 cxd5 4. Nf3 e6 5. Bd3 Ne7 6. O-O Nd7 7. c3 a6 8. Re1 g6 9. Be3 Bg7 10. Ng5 f5
11. Nxe6 Qb6 12. Nxg7+ Kd8 13. Bg5 Qxb2 14. Bxe7+ Kc7 15. Ne6+ Kb8 16. Bd6+ Ka7 17. Na3 Re8 18. Nc7 Rxe1+ 19. Qxe1
1-0

[Event "Killer Summer Slam Round Robin-3 Open To All"]
[Site "SchemingMind.com"]
[Date "2019.08.24"]
[Round "-"]
[White "Colin.Peeters"]
[Black "Matthew Bailey"]
[Result "0-1"]
[WhiteCountry "ENG"]
[BlackCountry "ENG"]
[WhiteElo "1489"]
[WhiteRD "90"]
[BlackElo "2279"]
[BlackRD "59"]
[GameID "445132"]

1. d4 Nf6 2. c4 g6 3. Nc3 Bg7 4. e4 d6 5. f3 O-O 6. Be3 c5 7. Nge2 Nbd7 8. Qd2 a6 9. O-O-O Qa5 10. Kb1 b5
11. Nd5 Nxd5 12. Qxa5 Nxe3 13. Rc1 Nxf1 14. Rhxf1 Rb8 15. e5 cxd4 16. Nxd4 Nxe5 17. Rfe1 Nxc4 18. Qc7 Bxd4 19. Qxe7 Bf5+ 20. Ka1 Bxb2#
0-1

[Event "Killer Summer Slam Round Robin-3 Open To All"]
[Site "SchemingMind.com"]
[Date "2019.08.24"]
[Round "-"]
[White "Matthew Bailey"]
[Black "Thegreatvoid"]
[Result "1-0"]
[WhiteCountry "ENG"]
[BlackCountry "USA"]
[WhiteElo "2232"]
[WhiteRD "65"]
[BlackElo "1475"]
[BlackRD "327"]
[GameID "445133"]

1. e4 d6 2. d4 Nf6 3. Bd3 e5 4. Nf3 exd4 5. Nxd4 g6 6. Bg5 Bg7 7. O-O O-O 8. Nd2 c6 9. c3 Qa5 10. f4 Qb6
11. Nc4 Qc7 12. Nxd6 Ng4 13. Nxc8 Rxc8 14. Qxg4 Qb6 15. Qxc8+
1-0

[Event "Killer Summer Slam Round Robin-3 Open To All"]
[Site "SchemingMind.com"]
[Date "2019.08.24"]
[Round "-"]
[White "Thegreatvoid"]
[Black "Matthew Bailey"]
[Result "0-1"]
[WhiteCountry "USA"]
[BlackCountry "ENG"]
[WhiteElo "1475"]
[WhiteRD "327"]
[BlackElo "2232"]
[BlackRD "65"]
[GameID "445134"]

1. c4 e5 2. Nc3 Nf6 3. g3 Bb4 4. Bg2 Bxc3 5. bxc3 O-O 6. d3 d6 7. Bg5 h6 8. Bxf6 Qxf6 9. d4 Nc6 10. e3 Re8
11. Qa4 exd4 12. Bxc6 dxe3 13. Nf3 Qxc3+
0-1

[Event "Killer Summer Slam Round Robin-3 Open To All"]
[Site "SchemingMind.com"]
[Date "2019.09.02"]
[Round "-"]
[White "surfnsuds"]
[Black "jkamanel"]
[Result "0-1"]
[WhiteCountry "USA"]
[BlackCountry "USA"]
[WhiteElo "1379"]
[WhiteRD "83"]
[BlackElo "2170"]
[BlackRD "148"]
[GameID "445210"]

1. d4 Nf6 2. c4 e6 3. Nf3 b6 4. a3 Bb7 5. Nc3 d5 6. cxd5 Nxd5 7. e3 Be7 8. Bb5+ c6 9. Ba4 O-O 10. Qd3 Ba6
11. Qe4 Nf6 12. Qf4 Bb7 13. O-O Nbd7 14. Ne5 Nxe5 15. Qxe5 Bd6 16. Qg5 h6 17. Qh4 Nd5 18. Qe4 Qc7 19. g3 Nxc3 20. bxc3 Qe7
21. Bxc6 Bxc6 22. Qxc6 Rfc8 23. Qe4 Rab8 24. Rb1 Rxc3 25. Rd1 Qb7 26. Qg4 f5 27. Qe2 Rbc8 28. Bb2 Rc2 29. Qd3 Qf3 30. Rd2 R2c7
31. Qe2 Qe4 32. Rdd1 Rc2 33. Qa6 Kh7 34. Qxa7 Rxf2 35. Kxf2 Rc2+
0-1

[Event "Killer Summer Slam Round Robin-3 Open To All"]
[Site "SchemingMind.com"]
[Date "2019.09.02"]
[Round "-"]
[White "jkamanel"]
[Black "surfnsuds"]
[Result "1-0"]
[WhiteCountry "USA"]
[BlackCountry "USA"]
[WhiteElo "2170"]
[WhiteRD "148"]
[BlackElo "1379"]
[BlackRD "83"]
[GameID "445211"]

1. d4 d5 2. Nf3 Nf6 3. c4 c6 4. Nc3 dxc4 5. a4 Bf5 6. Ne5 Nbd7 7. Nxc4 Qc7 8. g3 e5 9. dxe5 Nxe5 10. Bf4 Nfg4
11. f3 Nf6 12. Bxe5 Qc8 13. Bxf6 gxf6 14. Nd6+ Bxd6 15. Qxd6 Qe6 16. Qxe6+ Bxe6 17. Ne4 f5 18. Nc5 b6 19. Nxe6 fxe6 20. e3 Rd8
21. Rd1 O-O 22. Bc4 Kf7 23. Ke2 Kf6 24. Rxd8 Rxd8 25. Rd1 Rg8 26. Rd6 Ke5 27. Rxe6#
1-0

[Event "Killer Summer Slam Round Robin-3 Open To All"]
[Site "SchemingMind.com"]
[Date "2019.08.28"]
[Round "-"]
[White "Phillip Beckett"]
[Black "jkamanel"]
[Result "0-1"]
[WhiteCountry "ENG"]
[BlackCountry "USA"]
[WhiteElo "1508"]
[WhiteRD "49"]
[BlackElo "2170"]
[BlackRD "148"]
[GameID "445212"]

1. e4 c5 2. Nf3 d6 3. d4 cxd4 4. Nxd4 Nf6 5. Nc3 a6 6. Bg5 e6 7. f4 Qb6 8. Qd2 Qxb2 9. Rb1 Qa3 10. Rb3 Qa5
11. Bd3 Nbd7 12. O-O Be7 13. Rbb1 O-O 14. Nde2 Qc7 15. Rbe1 b5 16. e5 dxe5 17. fxe5 Qxe5 18. Ng3 Qc5+ 19. Be3 Qc7 20. Nge4 Bb7
21. Nxf6+ Nxf6 22. Bf4 Qc6 23. Ne4 Rad8 24. Nxf6+ Bxf6 25. Qe2 Bc3 26. Rd1 Qc5+ 27. Be3 Qe5 28. Bf4 Qxe2 29. Bxe2 Bd4+ 30. Kh1 e5
31. Bg3 f6 32. Bf3 Bxf3 33. Rxf3 Rc8 34. Rd2 Rc4 35. Bf2 Rfc8 36. Bxd4 exd4 37. h3 Rxc2 38. Rfd3 Rxd2 39. Rxd2 Rc4 40. Kg1 Kf7
41. Kf2 a5 42. Ke2 Ke6 43. Kd3 Kd5 44. Re2 Rc3+ 45. Kd2 Rg3 46. Rf2 Kc4 47. Kc2 a4
0-1

[Event "Killer Summer Slam Round Robin-3 Open To All"]
[Site "SchemingMind.com"]
[Date "2019.08.28"]
[Round "-"]
[White "jkamanel"]
[Black "Phillip Beckett"]
[Result "1-0"]
[WhiteCountry "USA"]
[BlackCountry "ENG"]
[WhiteElo "2170"]
[WhiteRD "148"]
[BlackElo "1508"]
[BlackRD "49"]
[GameID "445213"]

1. e4 e5 2. Nf3 Nc6 3. Bb5 a6 4. Ba4 Nf6 5. O-O Be7 6. Re1 b5 7. Bb3 O-O 8. c3 d5 9. exd5 Nxd5 10. Nxe5 Nxe5
11. Rxe5 Nf6 12. d4 Bd6 13. Re1 Ng4 14. h3 Qh4 15. Qf3 Nxf2 16. Re2 Nxh3+ 17. gxh3 Bxh3 18. Re4 Qg3+ 19. Qxg3 Bxg3 20. Bg5 Be6
21. Bxe6 fxe6 22. Nd2 Bf2+ 23. Kg2
1-0

[Event "Killer Summer Slam Round Robin-3 Open To All"]
[Site "SchemingMind.com"]
[Date "2019.08.28"]
[Round "-"]
[White "Chessibelle"]
[Black "jkamanel"]
[Result "0-1"]
[WhiteCountry "ENG"]
[BlackCountry "USA"]
[WhiteElo "1130"]
[WhiteRD "57"]
[BlackElo "2170"]
[BlackRD "148"]
[GameID "445214"]

1. Nf3 f5 2. d4 Nf6 3. Nc3 e6 4. e3 Be7 5. Be2 b6 6. O-O Bb7 7. Bd2 O-O 8. a3 d5 9. g3 c5 10. Ne5 Nbd7
11. f4 Nxe5 12. fxe5 Ne4 13. Be1 Bg5 14. Qd3 c4 15. Qd1 Bxe3+ 16. Kg2 Bc6 17. b3 b5 18. Rf3 Bg5 19. h3 Qe7 20. Kh2 Rf7
21. Rf1 Raf8 22. Bf3 Kh8 23. Kg2 Bh6 24. Ne2 g5 25. g4 Rg8 26. Rh1 Bf8 27. b4 Bd7 28. c3 Qd8 29. Ng3 Nxg3 30. Kxg3 f4+
31. Kf2 Rfg7 32. Ke2 Be8 33. h4 gxh4 34. Kd2 Be7 35. Qe2 Bg6 36. Rc1 a5 37. Kd1 axb4 38. cxb4 Bg5 39. Bf2 Qa8 40. Ra1 Qa4+
41. Ke1 Ra8 42. Kf1 Bd3 43. Qxd3 cxd3 44. Kg2 Rc8 45. Bxh4 Bxh4 46. Rxh4 Qc2+ 47. Kh3 Qf2 48. Bg2 Qg3#
0-1

[Event "Killer Summer Slam Round Robin-3 Open To All"]
[Site "SchemingMind.com"]
[Date "2019.08.28"]
[Round "-"]
[White "jkamanel"]
[Black "Chessibelle"]
[Result "1-0"]
[WhiteCountry "USA"]
[BlackCountry "ENG"]
[WhiteElo "2170"]
[WhiteRD "148"]
[BlackElo "1130"]
[BlackRD "57"]
[GameID "445215"]

1. e4 e5 2. Nf3 d6 3. d4 Bd7 4. dxe5 Nc6 5. exd6 Bxd6 6. Nc3 Nf6 7. Bd3 O-O 8. Bg5 a6 9. O-O Re8 10. Re1 Ne5
11. h3 c5 12. Nd5 Be7 13. Nxe5 Bc8 14. Bxf6 gxf6 15. Ng4 Kh8 16. Nh6 Kg7 17. Qh5 Kh8 18. Nxf7+
1-0

[Event "Killer Summer Slam Round Robin-3 Open To All"]
[Site "SchemingMind.com"]
[Date "2019.08.28"]
[Round "-"]
[White "Matthew Bailey"]
[Black "jkamanel"]
[Result "1/2-1/2"]
[WhiteCountry "ENG"]
[BlackCountry "USA"]
[WhiteElo "2279"]
[WhiteRD "59"]
[BlackElo "2170"]
[BlackRD "148"]
[GameID "445218"]

1. e4 c5 2. Nf3 d6 3. Bb5+ Bd7 4. Nc3 Bxb5 5. Nxb5 Nf6 6. Nc3 Nc6 7. d4 cxd4 8. Nxd4 g6 9. h3 Bg7 10. Nde2 O-O
11. O-O Rc8 12. Bg5 h6 13. Be3 b6 14. Qd2 Kh7 15. f3 Ne5 16. b3 Qc7 17. Rac1 Rfd8 18. Nd5 Nxd5 19. exd5 Nd7 20. Nd4 Re8
21. c4 Nf6 22. Rfe1 Qd7 23. Bf2 h5 24. Rcd1 Ng8 25. g4 Nf6 26. Kg2 hxg4 27. hxg4 Rh8 28. Nc6 Rce8 29. Rh1+ Kg8 30. Rxh8+ Bxh8
31. Qg5 e5 32. Qh4 Bg7 33. Rh1 e4 34. Bd4 exf3+ 35. Kxf3 Re4 36. Bxf6 Bxf6 37. Qh7+ Kf8 38. Kxe4 Qxg4+ 39. Ke3 Qg3+ 40. Ke2 Qg2+
41. Kd3 Qf3+ 42. Kc2 Qc3+ 43. Kd1 Qd3+=
1/2-1/2

[Event "Killer Summer Slam Round Robin-3 Open To All"]
[Site "SchemingMind.com"]
[Date "2019.08.28"]
[Round "-"]
[White "jkamanel"]
[Black "Matthew Bailey"]
[Result "1/2-1/2"]
[WhiteCountry "USA"]
[BlackCountry "ENG"]
[WhiteElo "2170"]
[WhiteRD "148"]
[BlackElo "2279"]
[BlackRD "59"]
[GameID "445219"]

1. e4 e5 2. Nf3 Nc6 3. Bb5 a6 4. Ba4 Nf6 5. O-O Be7 6. Re1 b5 7. Bb3 O-O 8. c3 d6 9. h3 Na5 10. Bc2 c5
11. d4 Qc7 12. Nbd2 Bd7 13. Nf1 cxd4 14. cxd4 Rac8 15. Ne3 Nc6 16. d5 Nb4 17. Bb1 a5 18. a3 Na6 19. b4 Nh5 20. Bd2 Nf4
21. Kh2 a4 22. Ra2 Qb7 23. Rg1 h6 24. g4 g6 25. Ng2 Nxg2 26. Rxg2 Kg7 27. Bd3 Rh8 28. Rc2 h5 29. g5 Bg4 30. hxg4 Rxc2
31. Bxc2 hxg4+ 32. Kg1 gxf3 33. Qxf3 Qd7 34. Bd3 Rh3 35. Rg3 Rh4 36. Kg2 Nc7 37. Rh3 Rg4+ 38. Rg3 Rh4 39. Rh3 Rg4+ 40. Rg3 Rxg3+
41. Qxg3 Kg8 42. Qh3 Qxh3+ 43. Kxh3 Kf8 44. Kg4 f6 45. gxf6 Bxf6 46. Bg5 Bxg5 47. Kxg5 Kg7 48. Be2 Kf7 49. Bf1=
1/2-1/2

[Event "Killer Summer Slam Round Robin-3 Open To All"]
[Site "SchemingMind.com"]
[Date "2019.08.29"]
[Round "-"]
[White "jkamanel"]
[Black "Colin.Peeters"]
[Result "1-0"]
[WhiteCountry "USA"]
[BlackCountry "ENG"]
[WhiteElo "2175"]
[WhiteRD "149"]
[BlackElo "1322"]
[BlackRD "73"]
[GameID "445220"]

1. d4 d5 2. Nf3 e6 3. c4 Bb4+ 4. Bd2 Bxd2+ 5. Nbxd2 e5 6. Nxe5 Nd7 7. Nef3 dxc4 8. Nxc4 Ne7 9. e3 O-O 10. Be2 c6
11. O-O Nb6 12. Nce5 Bf5 13. Rc1 Ng6 14. Nd3 Nc8 15. Nc5 Nd6 16. Bd3 Bxd3 17. Qxd3 Re8 18. Qc2 Rc8 19. Qb3 Qe7 20. Rfd1 Nf8
21. h3 b6 22. Nd3
1-0

[Event "Killer Summer Slam Round Robin-3 Open To All"]
[Site "SchemingMind.com"]
[Date "2019.08.29"]
[Round "-"]
[White "Colin.Peeters"]
[Black "jkamanel"]
[Result "0-1"]
[WhiteCountry "ENG"]
[BlackCountry "USA"]
[WhiteElo "1322"]
[WhiteRD "73"]
[BlackElo "2175"]
[BlackRD "149"]
[GameID "445221"]

1. c3 Nf6 2. d3 d5 3. d4 Nbd7 4. Nf3 e6 5. Ne5 Bd6 6. Bf4 O-O 7. e3 c5 8. Ng6 Bxf4 9. Nxf8 Bd6 10. Nxd7 Qxd7
11. g3 b6 12. Nd2 Bb7 13. Nf3 Qc7 14. Be2 h6 15. O-O Ne4 16. a4 f5 17. Nd2 Nf6 18. a5 c4 19. axb6 Qxb6 20. b3 cxb3
21. Qxb3 Rb8 22. Qxb6 axb6 23. Ra7 Bc6
0-1

[Event "Killer Summer Slam Round Robin-3 Open To All"]
[Site "SchemingMind.com"]
[Date "2019.08.28"]
[Round "-"]
[White "jkamanel"]
[Black "Thegreatvoid"]
[Result "1-0"]
[WhiteCountry "USA"]
[BlackCountry "USA"]
[WhiteElo "2170"]
[WhiteRD "148"]
[BlackElo "1501"]
[BlackRD "89"]
[GameID "445222"]

1. d4 Nf6 2. c4 g6 3. Nc3 d5 4. Nf3 Bg7 5. Qb3 dxc4 6. Qxc4 O-O 7. e4 Nc6 8. Be2 Nd7 9. Be3 Nb6 10. Qc5 f5
11. Rd1 fxe4 12. Ne5 Qd6 13. Nxc6 bxc6 14. Nxe4 Qd5 15. Qxd5+ cxd5 16. Nc5 Nd7 17. Rc1 c6 18. Ne6 Rf7 19. Nxg7 Kxg7 20. Rxc6 Nb6
21. b3 Bd7 22. Rc7 Rff8 23. Ba6
1-0

[Event "Killer Summer Slam Round Robin-3 Open To All"]
[Site "SchemingMind.com"]
[Date "2019.08.28"]
[Round "-"]
[White "Thegreatvoid"]
[Black "jkamanel"]
[Result "0-1"]
[WhiteCountry "USA"]
[BlackCountry "USA"]
[WhiteElo "1501"]
[WhiteRD "89"]
[BlackElo "2170"]
[BlackRD "148"]
[GameID "445223"]

1. c4 c5 2. Nc3 Nc6 3. g3 g6 4. Bg2 Bg7 5. Nf3 e6 6. O-O Nge7 7. e3 O-O 8. d4 cxd4 9. exd4 d5 10. cxd5 exd5
11. Bg5 f6 12. Bc1 Be6 13. Re1 Bf7 14. Bf4 Qd7 15. Nb5 g5 16. Be3 a6 17. Nc3 b5 18. a3 Na5 19. b3 Rac8 20. Rc1 Rc7
21. Na2 Rfc8 22. Rxc7 Rxc7 23. Nb4 Qc8 24. Nd2 Nac6 25. Nxc6 Rxc6 26. f4 h6 27. fxg5 fxg5 28. Nf3 Qc7 29. Ne5 Bxe5 30. dxe5 Qd8
31. Bd4 Kh7 32. Rf1 Bg6 33. Qf3 Qg8 34. Qf8 Qxf8 35. Rxf8 Nf5 36. Bxd5 Rc1+ 37. Kg2 Nxd4 38. e6 Re1
0-1